(Football) Les 10 derniers meilleurs buteurs de Serie A - Statistiques

Statistiques générales
  • Ce quiz a été pris 1 476 fois
  • Le résultat moyen est 8 sur 12
Statistiques - réponses
Année Joueurs Club Nb de buts % Correct
2019 / 2020 Ciro Immobile SS Lazio 36
94%
2017 / 2018* Ciro Immobile SS Lazio 29
94%
2013 / 2014 Ciro Immobile Torino FC 22
94%
2020 / 2021 Cristiano Ronaldo Juventus Turin 29
89%
2011 / 2012 Zlatan Ibrahimović Milan AC 28
71%
2015 / 2016 Gonzalo Higuaín SSC Naples 36
70%
2016 / 2017 Edin Džeko AS Rome 29
63%
2012 / 2013 Edinson Cavani SSC Naples 29
60%
2017 / 2018* Mauro Icardi Inter Milan 29
52%
2014 / 2015* Mauro Icardi Inter Milan 22
52%
2018 / 2019 Fabio Quagliarella UC Sampdoria 26
51%
2014 / 2015* Luca Toni Hellas Vérone 22
24%
Aucun quiz correspondant
Distribution des résultats
% des personnes avec chaque résultat
Percentile par nombre de réponses
Votre historique - résultats
Vous n’avez pas pris ce quiz